[Event "Ayvalik Kiraz"]
[Site "Ayvalik"]
[Date "2023.10.21"]
[Round "7"]
[White "Gonullu, Muhammed Sinan"]
[Black "Ceyhan, Mert"]
[Result "0-1"]
[WhiteElo "1826"]
[BlackElo "1869"]
[PlyCount "64"]
[EventDate "2023.10.19"]
[EventType "tourn"]
[EventRounds "9"]
[EventCountry "TUR"]
[SourceTitle "Mega2024 Update 01"]
[Source "Chessbase"]
[SourceDate "2023.11.12"]
[SourceVersion "1"]
[SourceVersionDate "2023.11.12"]
[SourceQuality "1"]

1. d4 d5 2. Bg5 Nc6 3. e3 f6 4. Bf4 e5 5. Bg3 exd4 6. exd4 Qe7+ 7. Be2 Bf5 8. c3 h5 9. h4 g5 10. Kf1 g4 11. b4 Bh6 12. Nd2 Bh7 13. Bb5 Qf7 14. Nb3 Nge7 15. Ne2 Ng6 16. Nc5 0-0 17. Nxb7 Nd8 18. Nc5 f5 19. f4 c6 20. Ba4 Qc7 21. Qd2 Re8 22. Nd3 Nf7 23. Qc2 Nd6 24. Bf2 Rxe2 25. Qxe2 Re8 26. Qc2 Nxf4 27. Nxf4 Bxf4 28. Re1 Ne4 29. Qd3 Re7 30. Re2 Bh6 31. g3 f4 32. gxf4 Nxf2 0-1

[Event "Ayvalik Kiraz"]
[Site "Ayvalik"]
[Date "2023.10.19"]
[Round "1"]
[White "Gonullu, Muhammed Sinan"]
[Black "Eken, Atakan"]
[Result "1/2-1/2"]
[WhiteElo "1826"]
[BlackElo "1863"]
[PlyCount "61"]
[EventDate "2023.10.19"]
[EventType "tourn"]
[EventRounds "9"]
[EventCountry "TUR"]
[SourceTitle "Mega2024 Update 01"]
[Source "Chessbase"]
[SourceDate "2023.11.12"]
[SourceVersion "1"]
[SourceVersionDate "2023.11.12"]
[SourceQuality "1"]

1. e4 e5 2. Nf3 Nc6 3. Bb5 Nf6 4. 0-0 Nxe4 5. Re1 Nd6 6. Bxc6 dxc6 7. Nxe5 Be7 8. d4 0-0 9. Bf4 Bf6 10. Nc3 Bf5 11. b3 Re8 12. Qd2 Bg6 13. Rad1 Qc8 14. Nxg6 hxg6 15. Rxe8+ Qxe8 16. Bxd6 cxd6 17. Re1 Qd7 18. g3 Re8 19. Rxe8+ Qxe8 20. Qe3 Qxe3 21. fxe3 d5 22. Kf2 Kf8 23. Ke2 Ke7 24. Kd3 Ke6 25. e4 dxe4+ 26. Nxe4 Be7 27. c4 f5 28. Nd2 g5 29. Nf3 Bf6 30. h3 g6 31. g4 1/2-1/2

[Event "Ayvalik Elma"]
[Site "Ayvalik"]
[Date "2023.10.10"]
[Round "4"]
[White "Gonullu, Muhammed Sinan"]
[Black "Gonen, Mutlu"]
[Result "1-0"]
[WhiteElo "1826"]
[BlackElo "1637"]
[PlyCount "81"]
[EventDate "2023.10.09"]
[EventType "tourn"]
[EventRounds "9"]
[EventCountry "TUR"]
[SourceTitle "Mega2024 Update 01"]
[Source "Chessbase"]
[SourceDate "2023.11.12"]
[SourceVersion "1"]
[SourceVersionDate "2023.11.12"]
[SourceQuality "1"]

1. d4 d5 2. Bg5 Nf6 3. Bxf6 exf6 4. e3 Bd6 5. c4 0-0 6. cxd5 Bb4+ 7. Nc3 Qxd5 8. a3 Bxc3+ 9. bxc3 Bf5 10. Nf3 Nd7 11. Bd3 Nb6 12. 0-0 Rfe8 13. a4 a5 14. Bxf5 Qxf5 15. Qb1 Qd5 16. Nd2 f5 17. Rc1 Rab8 18. c4 Qd7 19. Qb5 Ra8 20. Rcb1 Qxb5 21. Rxb5 g6 22. c5 Nd5 23. Rxb7 Rec8 24. g3 Rab8 25. Rab1 Nb4 26. Rxb8 Rxb8 27. Nc4 Kf8 28. Nxa5 Ke8 29. Nc4 f6 30. Na3 Kd7 31. Nc2 Na6 32. Rxb8 Nxb8 33. Nb4 c6 34. Kf1 Kc7 35. Ke2 Kb7 36. Kd3 Nd7 37. Kc4 Kc7 38. a5 Kb7 39. f4 Nb8 40. d5 cxd5+ 41. Kxd5 1-0

[Event "Ayvalik Elma"]
[Site "Ayvalik"]
[Date "2023.10.09"]
[Round "2"]
[White "Gonullu, Muhammed Sinan"]
[Black "Solak, Rade"]
[Result "1-0"]
[WhiteElo "1826"]
[BlackElo "1617"]
[PlyCount "97"]
[EventDate "2023.10.09"]
[EventType "tourn"]
[EventRounds "9"]
[EventCountry "TUR"]
[SourceTitle "Mega2024 Update 01"]
[Source "Chessbase"]
[SourceDate "2023.11.12"]
[SourceVersion "1"]
[SourceVersionDate "2023.11.12"]
[SourceQuality "1"]

1. c4 Nf6 2. Nc3 g6 3. g3 Bg7 4. Bg2 0-0 5. Nf3 c5 6. 0-0 Nc6 7. d3 d6 8. a3 Bg4 9. h3 Bd7 10. Rb1 Qc8 11. Kh2 a5 12. Bg5 h6 13. Bxf6 exf6 14. Nd5 Qd8 15. Qb3 Rb8 16. Qb6 Qxb6 17. Nxb6 Be6 18. Nd2 f5 19. Rfe1 Rfd8 20. Nf1 Bd4 21. e3 Bf6 22. Red1 Ne5 23. b4 axb4 24. axb4 Nd7 25. Nd5 Bxd5 26. Bxd5 b6 27. Rb3 g5 28. Kg2 h5 29. Rdb1 g4 30. h4 Be5 31. Ra3 Nf6 32. Bc6 Rbc8 33. b5 d5 34. Ra6 dxc4 35. dxc4 Rb8 36. Rc1 Rd3 37. Rc2 Bc3 38. Ra3 Ne4 39. Bxe4 fxe4 40. Raxc3 Rbd8 41. Rxd3 exd3 42. Ra2 f5 43. Nd2 Kf7 44. Kf1 Ke6 45. Ra6 Rd6 46. Ke1 Ke5 47. Ra7 Re6 48. Rd7 Re8 49. Rxd3 1-0

[Event "TUR-chT 2nd League"]
[Site "Konya"]
[Date "2022.08.23"]
[Round "3.3"]
[White "Gonullu, Muhammed Sinan"]
[Black "Isler, Ulviye Yaren"]
[Result "1-0"]
[WhiteElo "1752"]
[BlackElo "1296"]
[PlyCount "125"]
[EventDate "2022.08.22"]
[EventType "team-swiss"]
[EventRounds "9"]
[EventCountry "TUR"]
[SourceTitle "CBM 210 Extra"]
[Source "ChessBase"]
[SourceDate "2022.11.30"]
[SourceVersion "1"]
[SourceVersionDate "2022.11.30"]
[SourceQuality "1"]
[WhiteTeam "Pamukkale Yonetimi"]
[BlackTeam "Karaman Masterler"]
[WhiteTeamCountry "TUR"]
[BlackTeamCountry "TUR"]

1. d4 d5 2. Bg5 f6 3. Bf4 e6 4. e3 Bd6 5. Bg3 f5 6. c4 c6 7. Nc3 a6 8. Nf3 Nf6 9. Ne5 Bc7 10. Bd3 Nbd7 11. Nxd7 Bxd7 12. c5 0-0 13. Bxc7 Qxc7 14. f4 Be8 15. 0-0 Bh5 16. Qe1 Ne4 17. Qh4 Qf7 18. Bxe4 fxe4 19. h3 Bg6 20. Na4 Rae8 21. Nb6 Re7 22. b4 Qf6 23. Qxf6 gxf6 24. a4 Rd8 25. Rab1 Be8 26. Rf2 Kg7 27. Kf1 Kg6 28. Ke2 h6 29. Kd2 Rg7 30. f5+ exf5 31. Rbf1 Kf7 32. g4 f4 33. Rxf4 Rg6 34. Kc3 Kg7 35. b5 cxb5 36. Rf5 Bc6 37. axb5 axb5 38. Kb4 Kf7 39. Rh5 Ke7 40. Ra1 Kf7 41. Ra8 Rxa8 42. Nxa8 Rg8 43. Nb6 Rd8 44. Rxh6 Kg7 45. Rh5 Rh8 46. Rxh8 Kxh8 47. Nc8 Kg7 48. Nd6 Kg6 49. h4 Kh6 50. Ka5 Kg6 51. Nf5 Kh7 52. Nd6 Kg6 53. Nxb5 f5 54. h5+ Kg5 55. gxf5 Kxf5 56. Nd6+ Kg5 57. Kb6 Kxh5 58. Nxb7 Bd7 59. Kc7 Bh3 60. Kd6 Bc8 61. c6 Kg4 62. Kxd5 Kf3 63. Nd6 1-0

[Event "TUR Cup"]
[Site "Antalya"]
[Date "2020.01.30"]
[Round "7"]
[White "Gokbulut, Julia"]
[Black "Gonullu, Muhammed Sinan"]
[Result "1/2-1/2"]
[WhiteElo "1989"]
[BlackElo "1787"]
[PlyCount "62"]
[EventDate "2020.01.26"]
[EventType "swiss"]
[EventRounds "11"]
[EventCountry "TUR"]
[SourceTitle "CBM 194 Extra"]
[Source "ChessBase"]
[SourceDate "2020.03.31"]
[SourceVersion "1"]
[SourceVersionDate "2020.03.31"]
[SourceQuality "1"]

1. d4 Nf6 2. c4 c6 3. Nf3 d5 4. Qb3 g6 5. g3 Bg7 6. Bg2 0-0 7. 0-0 Qb6 8. Nc3 h6 9. Rd1 Nbd7 10. e3 e6 11. Bf1 Re8 12. Qc2 Qc7 13. b3 dxc4 14. Bxc4 Nb6 15. Bf1 Nbd5 16. Bb2 Nxc3 17. Bxc3 Nd5 18. Bb2 a5 19. a3 b6 20. Rac1 Ne7 21. e4 Rd8 22. Bg2 Bb7 23. a4 Rac8 24. Ba3 Rd7 25. Qe2 Rcd8 26. h4 h5 27. Bh3 Qb8 28. Ng5 Nc8 29. Qf3 Nd6 30. g4 hxg4 31. Bxg4 f5 1/2-1/2

[Event "TUR Cup"]
[Site "Antalya"]
[Date "2020.01.29"]
[Round "6"]
[White "Gonullu, Muhammed Sinan"]
[Black "Usun, Tolga"]
[Result "1/2-1/2"]
[WhiteElo "1787"]
[BlackElo "2021"]
[PlyCount "155"]
[EventDate "2020.01.26"]
[EventType "swiss"]
[EventRounds "11"]
[EventCountry "TUR"]
[SourceTitle "CBM 194 Extra"]
[Source "ChessBase"]
[SourceDate "2020.03.31"]
[SourceVersion "1"]
[SourceVersionDate "2020.03.31"]
[SourceQuality "1"]

1. d4 Nf6 2. Bg5 Ne4 3. h4 g6 4. Nd2 Nxg5 5. hxg5 Bg7 6. c3 d6 7. Ngf3 Nc6 8. e3 e5 9. dxe5 Nxe5 10. Nxe5 Bxe5 11. Nf3 Bg7 12. Qa4+ Kf8 13. Qf4 Kg8 14. 0-0-0 Be6 15. Bc4 Bxc4 16. Qxc4 h6 17. gxh6 Rxh6 18. Rxh6 Bxh6 19. Rh1 Bg7 20. Qf4 Qf6 21. Qxf6 Bxf6 22. Kc2 Re8 23. Nd2 d5 24. Re1 c6 25. e4 Bh4 26. g3 Bf6 27. f3 Kg7 28. Rh1 dxe4 29. Nxe4 Be5 30. g4 f5 31. gxf5 gxf5 32. Rg1+ Kf7 33. Nc5 Re7 34. Re1 Kf6 35. Nd3 Bd6 36. Rxe7 Bxe7 37. Kd2 Bd6 38. Ke3 Bh2 39. f4 Bg1+ 40. Kf3 Ke6 41. c4 Bd4 42. b3 b5 43. a4 bxa4 44. bxa4 Kd6 45. Kg3 Be3 46. Kf3 Bd4 47. Kg3 Bf6 48. Kf3 Bc3 49. Kg3 Bd2 50. Kf3 Ba5 51. Ke3 Bd8 52. Kd2 Be7 53. Kc3 Kc7 54. c5 Bf6+ 55. Kc4 Kd7 56. a5 Bh4 57. Ne5+ Kc7 58. a6 Bf2 59. Nf7 Bg3 60. Nd6 Bxf4 61. Nxf5 Bh2 62. Nd4 Bg1 63. Nf5 Bf2 64. Nd6 Kd7 65. Nb7 Be1 66. Nd6 Bg3 67. Nb7 Bc7 68. Kd4 Ke7 69. Ke4 Ke6 70. Kd4 Kf5 71. Kd3 Ke5 72. Kc4 Ke6 73. Kd4 Kf5 74. Kd3 Kf6 75. Ke4 Ke7 76. Kd4 Kd7 77. Kd3 Kc8 78. Ke4 1/2-1/2

[Event "Izmir op 18th"]
[Site "Izmir"]
[Date "2019.09.04"]
[Round "4"]
[White "Guseynov, Alihan"]
[Black "Gonullu, Muhammed Sinan"]
[Result "1-0"]
[WhiteElo "2326"]
[BlackElo "1796"]
[PlyCount "64"]
[EventDate "2019.09.02"]
[EventType "swiss"]
[EventRounds "9"]
[EventCountry "TUR"]
[SourceTitle "EXT 2020"]
[Source "ChessBase"]
[SourceDate "2019.10.17"]
[SourceVersion "1"]
[SourceVersionDate "2019.10.17"]
[SourceQuality "1"]

1. c4 Nf6 2. Nc3 c5 3. Nf3 b6 4. d4 cxd4 5. Nxd4 Bb7 6. f3 Nc6 7. e4 g6 8. Be3 Bg7 9. Be2 d6 10. 0-0 0-0 11. Qd2 Nxd4 12. Bxd4 Nd7 13. Bxg7 Kxg7 14. Qd4+ f6 15. b4 Rc8 16. Rac1 Ne5 17. a3 Qc7 18. f4 Nf7 19. Bg4 Qxc4 20. Qe3 Qb3 21. Bxc8 Rxc8 22. Nd5 Qxe3+ 23. Nxe3 Rxc1 24. Rxc1 Bxe4 25. Rc7 a6 26. Rxe7 f5 27. Ra7 Kf6 28. Rxa6 b5 29. Rb6 Bd3 30. Nd5+ Ke6 31. Nc7+ Kd7 32. Nxb5 g5 1-0

[Event "TUR-chT Clubs"]
[Site "Konya"]
[Date "2019.07.20"]
[Round "7.5"]
[White "Yuksel, Davut Can"]
[Black "Gonullu, Muhammed Sinan"]
[Result "1/2-1/2"]
[WhiteElo "1845"]
[BlackElo "1823"]
[PlyCount "104"]
[EventDate "2019.07.16"]
[EventType "team-swiss"]
[EventRounds "9"]
[EventCountry "TUR"]
[SourceTitle "CBM 191 Extra"]
[Source "ChessBase"]
[SourceDate "2019.09.30"]
[SourceVersion "1"]
[SourceVersionDate "2019.09.30"]
[SourceQuality "1"]
[WhiteTeam "Samsun Genclik"]
[BlackTeam "Manisa Yunusembre"]
[WhiteTeamCountry "TUR"]
[BlackTeamCountry "TUR"]

1. d4 Nf6 2. c4 e6 3. Nf3 Bb4+ 4. Nbd2 Ne4 5. Qc2 Nxd2 6. Bxd2 Bxd2+ 7. Qxd2 b6 8. e4 Bb7 9. d5 Qe7 10. Be2 0-0 11. 0-0 d6 12. Rfe1 e5 13. Bd3 Bc8 14. b4 Bg4 15. Qe3 Bxf3 16. Qxf3 a5 17. a3 Nd7 18. g3 g6 19. Bf1 f5 20. Bh3 Qf6 21. Qe2 Kh8 22. Qc2 h5 23. Rab1 Qf7 24. exf5 gxf5 25. Qd2 Qg6 26. Qc3 Kh7 27. Kh1 Qf6 28. f3 Rf7 29. Rbc1 Kh8 30. Rf1 Rff8 31. Qb2 Rf7 32. Rce1 Rff8 33. Qd2 Kh7 34. Bg2 Rg8 35. Bh3 Rgf8 36. Rg1 Rg8 37. Qc2 Rgf8 38. g4 Qh4 39. gxf5 Nf6 40. Bg2 Rg8 41. Qc1 axb4 42. axb4 Rg7 43. Qc2 Rag8 44. Ra1 Qf4 45. Rad1 h4 46. Qd3 e4 47. Qe2 exf3 48. Bxf3 Rxg1+ 49. Rxg1 Re8 50. Qg2 Rg8 51. Qe2 Rxg1+ 52. Kxg1 Qxf5 1/2-1/2

[Event "TUR-chT Clubs"]
[Site "Konya"]
[Date "2019.07.16"]
[Round "1.13"]
[White "Gonullu, Muhammed Sinan"]
[Black "Elidolu, Oguz Kaan"]
[Result "1/2-1/2"]
[WhiteElo "1823"]
[BlackElo "1464"]
[PlyCount "132"]
[EventDate "2019.07.16"]
[EventType "team-swiss"]
[EventRounds "9"]
[EventCountry "TUR"]
[SourceTitle "CBM 191 Extra"]
[Source "ChessBase"]
[SourceDate "2019.09.30"]
[SourceVersion "1"]
[SourceVersionDate "2019.09.30"]
[SourceQuality "1"]
[WhiteTeam "Manisa Yunusembre"]
[BlackTeam "Elazig Genclik"]
[WhiteTeamCountry "TUR"]
[BlackTeamCountry "TUR"]

1. d4 Nf6 2. Bg5 c6 3. Bxf6 exf6 4. e3 Qb6 5. Qc1 d5 6. Nf3 Bd6 7. Be2 0-0 8. 0-0 Nd7 9. Nbd2 Re8 10. c4 Bf8 11. cxd5 cxd5 12. a3 f5 13. b4 f4 14. Nb3 Qh6 15. Bb5 fxe3 16. Ne5 Re7 17. Bxd7 exf2+ 18. Rxf2 Qxc1+ 19. Rxc1 Bxd7 20. Nxd7 Rxd7 21. Re2 g6 22. Kf2 Bg7 23. a4 Bf6 24. Rec2 Re8 25. Rc7 Rxc7 26. Rxc7 Re7 27. Rc8+ Kg7 28. a5 g5 29. b5 Kg6 30. Rc5 Rd7 31. g4 h5 32. h3 hxg4 33. hxg4 Bg7 34. a6 bxa6 35. Rc6+ Kh7 36. bxa6 Re7 37. Rd6 Re6 38. Rxe6 fxe6 39. Ke3 Bf6 40. Nc5 e5 41. Nd7 exd4+ 42. Kd3 Bd8 43. Kxd4 Kg7 44. Kxd5 Kf7 45. Ne5+ Kf6 46. Nd7+ Ke7 47. Nb8 Kf6 48. Kc6 Ke6 49. Nd7 Ba5 50. Nb8 Bb6 51. Kb7 Kd6 52. Nc6 Bf2 53. Na5 Kd7 54. Nc4 Bd4 55. Nd2 Bb6 56. Nc4 Bd4 57. Na5 Bb6 58. Nc6 Bg1 59. Nb8+ Kd6 60. Nc6 Bb6 61. Nb4 Bg1 62. Nc6 Bb6 63. Nxa7 Bxa7 64. Kxa7 Kc7 65. Ka8 Kc8 66. a7 Kc7 1/2-1/2

[Event "TUR Cup"]
[Site "Antalya"]
[Date "2019.02.02"]
[Round "10"]
[White "Gonullu, Muhammed Sinan"]
[Black "Cilek, Bora"]
[Result "1/2-1/2"]
[WhiteElo "1815"]
[BlackElo "1907"]
[PlyCount "72"]
[EventDate "2019.01.27"]
[EventType "swiss"]
[EventRounds "11"]
[EventCountry "TUR"]
[SourceTitle "CBM 188 Extra"]
[Source "ChessBase"]
[SourceDate "2019.02.26"]
[SourceVersion "1"]
[SourceVersionDate "2019.02.26"]
[SourceQuality "1"]

1. d4 d5 2. Nf3 Nf6 3. Bg5 h6 4. Bxf6 exf6 5. e3 c6 6. c4 Be6 7. cxd5 cxd5 8. Nc3 Qb6 9. Qb3 Qxb3 10. axb3 Nc6 11. g3 Be7 12. Bg2 0-0 13. 0-0 Nb4 14. Rfd1 a6 15. Ne1 Rfd8 16. Nd3 Nxd3 17. Rxd3 Bf5 18. Rd2 Bb4 19. Rc1 Rac8 20. Rdd1 Be6 21. Na2 Be7 22. Rxc8 Rxc8 23. Rc1 Rc6 24. Nc3 Bb4 25. Kf1 Kf8 26. Ke2 f5 27. Kd1 Rd6 28. Na2 Ba5 29. Nc3 b5 30. Ra1 Bd8 31. Bf1 g5 32. Na2 f4 33. Nb4 fxe3 34. fxe3 Bc8 35. Rc1 Bb7 36. Nd3 Kg7 1/2-1/2

[Event "TUR Cup"]
[Site "Antalya"]
[Date "2019.01.31"]
[Round "8"]
[White "Gonullu, Muhammed Sinan"]
[Black "Araboga, Nizamettin"]
[Result "1-0"]
[WhiteElo "1815"]
[BlackElo "1670"]
[PlyCount "151"]
[EventDate "2019.01.27"]
[EventType "swiss"]
[EventRounds "11"]
[EventCountry "TUR"]
[SourceTitle "CBM 188 Extra"]
[Source "ChessBase"]
[SourceDate "2019.02.26"]
[SourceVersion "1"]
[SourceVersionDate "2019.02.26"]
[SourceQuality "1"]

1. d4 g6 2. Bg5 Bg7 3. c3 d6 4. Nf3 Nf6 5. Nbd2 h6 6. Bh4 g5 7. Bg3 Bf5 8. e3 Nbd7 9. Be2 0-0 10. 0-0 c5 11. Re1 Re8 12. Qb3 Qb6 13. Nc4 Qxb3 14. axb3 Ne4 15. Ncd2 Nxg3 16. hxg3 e5 17. e4 Bg6 18. Bb5 Red8 19. Bxd7 Rxd7 20. dxe5 dxe5 21. Nc4 f6 22. Nb6 axb6 23. Rxa8+ Kh7 24. Raa1 Bf7 25. Rad1 Rc7 26. c4 b5 27. Nd2 Rd7 28. cxb5 Rd4 29. Nc4 Bf8 30. Rxd4 cxd4 31. Kf1 Bc5 32. f3 Be8 33. Ke2 Bxb5 34. Ra1 Bb4 35. Ra7 Ba6 36. Ra8 Kg7 37. Rd8 Kf7 38. Kd1 Be7 39. Ra8 Bb4 40. Rc8 Be7 41. Nd2 Bb4 42. Rc1 Ke6 43. Nc4 Kd7 44. Nb6+ Kd6 45. Nd5 Ba5 46. Nxf6 Bf1 47. Rc2 Bd3 48. Rc1 Bf1 49. Rc2 Bd3 50. g4 Bxc2+ 51. Kxc2 Bd8 52. Ng8 Ke6 53. Nxh6 b5 54. Nf5 Be7 55. Kd3 Bf8 56. Ng3 Bb4 57. Ne2 Be1 58. g3 Bf2 59. f4 Be3 60. f5+ Kf6 61. b4 Kg7 62. Nc3 dxc3 63. bxc3 Bf2 64. c4 bxc4+ 65. Kxc4 Kf7 66. Kb5 Ke7 67. Kc6 Kd8 68. b5 Ba7 69. b6 Bb8 70. Kb7 Bd6 71. Ka8 Kd7 72. b7 Kc6 73. b8Q Bxb8 74. Kxb8 Kd7 75. Kb7 Kd6 76. Kb6 1-0

[Event "Istanbul op-A"]
[Site "Istanbul"]
[Date "2018.09.04"]
[Round "5"]
[White "Tinarlioglu, Emre"]
[Black "Gonullu, Muhammed Sinan"]
[Result "0-1"]
[WhiteElo "1796"]
[BlackElo "1816"]
[PlyCount "88"]
[EventDate "2018.09.02"]
[EventType "swiss"]
[EventRounds "9"]
[EventCountry "TUR"]
[SourceTitle "CBM 186 Extra"]
[Source "ChessBase"]
[SourceDate "2018.08.24"]
[SourceVersion "1"]
[SourceVersionDate "2018.08.24"]
[SourceQuality "1"]

1. e4 c5 2. c3 g6 3. d4 cxd4 4. cxd4 d5 5. e5 Bg7 6. Nc3 Nc6 7. h3 Nh6 8. g4 f6 9. f4 fxe5 10. fxe5 a6 11. Bg2 e6 12. Nf3 Nf7 13. 0-0 0-0 14. a4 Qb6 15. Kh1 Bd7 16. Ne2 Na5 17. Bd2 Rac8 18. Bxa5 Qxa5 19. Nc3 Nd8 20. Rc1 Qb4 21. Qd2 Nc6 22. Qe3 Na5 23. Ng5 Nc4 24. Qg3 Nb6 25. Rxf8+ Rxf8 26. a5 Qxa5 27. Qh4 h6 28. Nf3 Nc4 29. g5 h5 30. Qf2 Qb6 31. Nd1 Qd8 32. Qc2 Be8 33. b3 Na5 34. Nc3 Nc6 35. Na4 Qe7 36. Nc5 Rxf3 37. Bxf3 Nxd4 38. Qg2 Bc6 39. Nd3 Nxb3 40. Rf1 Nd4 41. Bd1 Nf5 42. Kh2 Ne3 43. Qf2 Nxf1+ 44. Qxf1 Qxg5 0-1

[Event "TUR-chT2"]
[Site "Konya"]
[Date "2018.07.14"]
[Round "8.6"]
[White "Nazli, Sertan"]
[Black "Gonullu, Muhammed Sinan"]
[Result "0-1"]
[WhiteElo "1731"]
[BlackElo "1813"]
[PlyCount "126"]
[EventDate "2018.07.10"]
[EventType "team-swiss"]
[EventRounds "9"]
[EventCountry "TUR"]
[SourceTitle "EXT 2019"]
[Source "ChessBase"]
[SourceDate "2018.10.10"]
[SourceVersion "1"]
[SourceVersionDate "2018.10.10"]
[SourceQuality "1"]
[WhiteTeam "Genclik Mudurlugu"]
[BlackTeam "Duzce Duzcespor"]
[WhiteTeamCountry "TUR"]
[BlackTeamCountry "TUR"]

1. e4 c5 2. Nf3 g6 3. d4 Bg7 4. Bc4 cxd4 5. c3 e6 6. 0-0 Ne7 7. Bg5 0-0 8. Qe2 f6 9. Bh4 Kh8 10. Nxd4 a6 11. Rd1 Qc7 12. Na3 Nbc6 13. Bg3 e5 14. Nab5 axb5 15. Nxb5 Qb8 16. Nd6 Na5 17. b4 Nxc4 18. Qxc4 h6 19. f4 Ra6 20. fxe5 fxe5 21. Nf7+ Kh7 22. Rf1 d5 23. exd5 Nf5 24. d6 Nxg3 25. hxg3 Rc6 26. Qh4 Rxf7 27. Rxf7 Qxd6 28. Raf1 Rxc3 29. Re7 Bf5 30. Rxb7 g5 31. Qh5 Bg6 32. Qd1 Rd3 33. Qa4 Qd4+ 34. Kh2 e4 35. Qa8 Qd6 36. Qa7 Qxg3+ 37. Kh1 Qe5 38. Rc1 Bf5 39. Re7 Qb2 40. Rf1 Bg6 41. b5 e3 42. Kh2 Rd2 43. Qb7 e2 44. Re1 h5 45. Qf3 g4 46. Qe3 g3+ 47. Qxg3 Qf6 48. R1xe2 Rd3 49. R2e6 Qf5 50. Re5 Qf6 51. Rxh5+ Kg8 52. Qb8+ Bf8 53. Rhe5 Qh4+ 54. Kg1 Rd1+ 55. Re1 Rxe1+ 56. Rxe1 Qxe1+ 57. Kh2 Qh4+ 58. Kg1 Qd4+ 59. Kh1 Qd1+ 60. Kh2 Qd6+ 61. Qxd6 Bxd6+ 62. Kh3 Bc7 63. Kg4 Bd3 0-1

[Event "TUR-chT2"]
[Site "Konya"]
[Date "2018.07.12"]
[Round "4.8"]
[White "Kacangar, Mehmed"]
[Black "Gonullu, Muhammed Sinan"]
[Result "1/2-1/2"]
[WhiteElo "1781"]
[BlackElo "1813"]
[PlyCount "181"]
[EventDate "2018.07.10"]
[EventType "team-swiss"]
[EventRounds "9"]
[EventCountry "TUR"]
[SourceTitle "EXT 2019"]
[Source "ChessBase"]
[SourceDate "2018.10.10"]
[SourceVersion "1"]
[SourceVersionDate "2018.10.10"]
[SourceQuality "1"]
[WhiteTeam "Manisa Yunusembre"]
[BlackTeam "Duzce Duzcespor"]
[WhiteTeamCountry "TUR"]
[BlackTeamCountry "TUR"]

1. b3 e5 2. Bb2 Nc6 3. e3 Nf6 4. Bb5 d6 5. Bxc6+ bxc6 6. Ne2 g6 7. 0-0 Bg7 8. f4 e4 9. Ng3 0-0 10. f5 d5 11. Na3 a5 12. c4 a4 13. Nc2 dxc4 14. bxc4 c5 15. Ba3 Qe7 16. Rc1 Qe5 17. d4 exd3 18. Qxd3 Bb7 19. fxg6 fxg6 20. Rb1 Bc6 21. Bb2 Qe6 22. Rbd1 Rf7 23. e4 Rd7 24. Qe2 Rxd1 25. Rxd1 Nxe4 26. Bxg7 Kxg7 27. Nxe4 Qxe4 28. Rd7+ Kg8 29. Qxe4 Bxe4 30. Na3 c6 31. Kf2 Rb8 32. Rd2 Kf7 33. Re2 Bf5 34. h3 h5 35. Ke3 Kf6 36. Rd2 Re8+ 37. Kf3 Be4+ 38. Kf2 h4 39. Re2 Ke5 40. Nc2 Rf8+ 41. Ke3 Bxc2 42. Rxc2 Rf1 43. Re2 Rb1 44. Kd3+ Kf5 45. Rf2+ Ke5 46. Re2+ Kf4 47. Re4+ Kf5 48. Re2 g5 49. Rf2+ Ke5 50. Re2+ Kf4 51. Re4+ Kf5 52. Re2 Rb8 53. Rf2+ Ke5 54. Re2+ Kf4 55. Re4+ Kf5 56. Re2 Rd8+ 57. Kc3 Kf4 58. Kb2 Kg3 59. Ka3 Rf8 60. Re5 Rg8 61. Re2 Rb8 62. Kxa4 Rb4+ 63. Ka5 Rxc4 64. Kb6 Rc1 65. a4 c4 66. Kxc6 c3 67. Kc5 c2 68. a5 Ra1 69. Rxc2 Rxa5+ 70. Kd4 Rf5 71. Ke3 Re5+ 72. Kd3 Re1 73. Rc5 Kxg2 74. Rxg5+ Kxh3 75. Kd2 Re6 76. Rg8 Kh2 77. Rg7 h3 78. Rg8 Kh1 79. Rg7 Re8 80. Rg3 h2 81. Rg7 Ra8 82. Ke2 Ra1 83. Kf2 Ra2+ 84. Kf1 Ra1+ 85. Kf2 Rg1 86. Rf7 Rg8 87. Kf1 Ra8 88. Rg7 Rf8+ 89. Ke2 Rf6 90. Rg8 Rf5 91. Rg7 1/2-1/2

[Event "TUR-chT2"]
[Site "Konya"]
[Date "2018.07.11"]
[Round "3.4"]
[White "Gonullu, Muhammed Sinan"]
[Black "Kilic, Cihan"]
[Result "0-1"]
[WhiteElo "1813"]
[BlackElo "1887"]
[PlyCount "152"]
[EventDate "2018.07.10"]
[EventType "team-swiss"]
[EventRounds "9"]
[EventCountry "TUR"]
[SourceTitle "EXT 2019"]
[Source "ChessBase"]
[SourceDate "2018.10.10"]
[SourceVersion "1"]
[SourceVersionDate "2018.10.10"]
[SourceQuality "1"]
[WhiteTeam "Duzce Duzcespor"]
[BlackTeam "Siirt Cedid"]
[WhiteTeamCountry "TUR"]
[BlackTeamCountry "TUR"]

1. d4 Nf6 2. Bg5 Ne4 3. h4 c6 4. Nd2 Qa5 5. Ngf3 Nxg5 6. hxg5 e6 7. c3 Be7 8. Nb3 Qf5 9. Qb1 Qxb1+ 10. Rxb1 d5 11. e3 b6 12. Bd3 Ba6 13. Bxa6 Nxa6 14. g6 fxg6 15. Ne5 Rc8 16. Nxg6 Rg8 17. Rxh7 Bd6 18. Ke2 Kf7 19. Ne5+ Bxe5 20. dxe5 c5 21. Rbh1 Nb8 22. R7h4 Nd7 23. f4 a5 24. Nd2 b5 25. g4 b4 26. c4 Nb6 27. cxd5 exd5 28. f5 c4 29. Nf3 Na4 30. Rb1 Rh8 31. g5 Rxh4 32. Nxh4 b3 33. e6+ Ke7 34. Ng6+ Kd6 35. Kd2 bxa2 36. Ra1 Nxb2 37. Rxa2 c3+ 38. Kc2 Nc4 39. Kxc3 Nxe3+ 40. Kd3 Nxf5 41. Rxa5 Kxe6 42. Nf4+ Ke5 43. Ng6+ Kd6 44. Nf4 Ne7 45. Ra6+ Rc6 46. Ra1 Ke5 47. Ne2 Rg6 48. Nd4 Nc6 49. Re1+ Kd6 50. Nxc6 Kxc6 51. Re5 Kc5 52. Rf5 Re6 53. Rf7 g6 54. Rg7 Ra6 55. Rc7+ Kd6 56. Rc8 Ra3+ 57. Kd4 Ra4+ 58. Ke3 Rg4 59. Rd8+ Kc6 60. Rc8+ Kd7 61. Ra8 Rxg5 62. Kd4 Ke7 63. Ra5 Rg4+ 64. Ke5 Rg5+ 65. Kd4 Kf6 66. Ra8 Rf5 67. Ra1 g5 68. Ra6+ Kg7 69. Rd6 g4 70. Ra6 Rg5 71. Ke3 g3 72. Ra1 Kf6 73. Kf4 g2 74. Rg1 Rg8 75. Kf3 Ke5 76. Kf2 Kf4 0-1

[Event "TUR-chT2"]
[Site "Konya"]
[Date "2018.07.10"]
[Round "1.11"]
[White "Gonullu, Muhammed Sinan"]
[Black "Baspinar, Mehmet"]
[Result "1/2-1/2"]
[WhiteElo "1813"]
[BlackElo "1487"]
[PlyCount "144"]
[EventDate "2018.07.10"]
[EventType "team-swiss"]
[EventRounds "9"]
[EventCountry "TUR"]
[SourceTitle "EXT 2019"]
[Source "ChessBase"]
[SourceDate "2018.10.10"]
[SourceVersion "1"]
[SourceVersionDate "2018.10.10"]
[SourceQuality "1"]
[WhiteTeam "Duzce Duzcespor"]
[BlackTeam "Erdem Kultur Egitim"]
[WhiteTeamCountry "TUR"]
[BlackTeamCountry "TUR"]

1. d4 Nf6 2. Bg5 g6 3. Bxf6 exf6 4. e3 Bg7 5. Nf3 b6 6. Nbd2 Bb7 7. Bd3 0-0 8. 0-0 d6 9. a4 f5 10. a5 a6 11. axb6 cxb6 12. c3 Nd7 13. e4 fxe4 14. Bxe4 d5 15. Bd3 Nf6 16. Re1 Qc7 17. Ne5 Nh5 18. Bf1 Rfe8 19. Ndf3 Nf6 20. Ng5 Ne4 21. Nxe4 dxe4 22. Nc4 b5 23. Na5 Bd5 24. Qd2 Qb6 25. b3 Rac8 26. Red1 e3 27. fxe3 Bh6 28. Re1 Qe6 29. c4 Ba8 30. Kh1 Bxe3 31. Qd3 Qe4 32. Qxe4 Rxe4 33. cxb5 axb5 34. Bd3 Re6 35. Bxb5 Rc2 36. Bf1 Bxd4 37. Rxe6 Bxa1 38. Re8+ Kg7 39. Rxa8 Rc1 40. g3 Rxf1+ 41. Kg2 Rc1 42. Nc4 Rc2+ 43. Kf3 Bd4 44. Rd8 Bf6 45. Rd3 Rxh2 46. b4 Rh5 47. Rb3 Rb5 48. Na3 Rb7 49. b5 Be7 50. Nc4 Bc5 51. Ke4 Rd7 52. Na5 Bb6 53. Nc6 Rd1 54. Nb4 Rd4+ 55. Ke5 f6+ 56. Ke6 Re4+ 57. Kd5 Re5+ 58. Kc6 Re6+ 59. Kd7 Kf7 60. Nd5 Bc5 61. Nc7 Rd6+ 62. Kc8 h5 63. Rc3 Bf2 64. Rf3 Rd2 65. Kb7 h4 66. gxh4 Bxh4 67. b6 Bf2 68. Kc6 Rc2+ 69. Kb7 Rd2 70. Kc6 Rc2+ 71. Kb7 Rd2 72. Kc6 Rc2+ 1/2-1/2